000 00775nam a2200193 4500
008 170925b xxu||||| |||| 00| 0 eng d
020 _a0-939765-87-X
082 _21996
_aDC 515
_bB28c
100 _922697
_aBartkovich, Kevin G.
245 _aContemporary calculus through applications /
_cprincipal authors, Kevin G. Bartkovich ... [and three others] ; contributing authors, Gloria B. Barrett ... [and five others.]
260 _aDedham, Massachussetts :
_bJanson Publications,
_cc1996.
300 _axiv, 512 pages :
_billustrations ;
_c25 cm
500 _aIncludes bibliographical references and index
650 0 _922698
_aCalculus
700 _922699
_aGoebel, John A.
700 _922700
_aGraves, Julie L.
700 _922701
_aTeague, Daniel J.
942 _2ddc
_cDC
999 _c7483
_d7483